Work orientations in Finland. : A conceptual critique and an ampirical study of work-rerelated expectations. /
Saved in:
| Main Author: | |
|---|---|
| Format: | Book |
| Language: | English |
| Published: |
Helsinki :
Societas Scientiarum Fennica,
1990
|
| Edition: | 1. vyd. |
| Series: | Commentationes Scientiarum Socialium
42/1990. |
| Subjects: | |
| ISBN: |
9516532039 (brož.) |
| Physical Description: |
203 s. |
| Tags: |
Add Tag
No Tags, Be the first to tag this record!
|
Titul je dostupný aj v ... 

MARC
| LEADER | 00000nam a2200000 a 4500 | ||
|---|---|---|---|
| 001 | 000074875 | ||
| 003 | SVKK | ||
| 005 | 20010430000000.0 | ||
| 008 | 001113s1990 fi e engo | ||
| 020 | |a 9516532039 (brož.) | ||
| 040 | |a SVKKK |b slo |c SVKKK |e AACR2 | ||
| 041 | 0 | |a eng | |
| 044 | |a fi |c FI | ||
| 080 | |a 331.01:159.9(480) |2 1997 | ||
| 080 | |a 331.6(480) |2 1997 | ||
| 100 | 1 | |a Alkula, Tapani |4 aut | |
| 245 | 1 | 0 | |a Work orientations in Finland. : |b A conceptual critique and an ampirical study of work-rerelated expectations. / |c Tapani Alkula |
| 250 | |a 1. vyd. | ||
| 260 | |a Helsinki : |b Societas Scientiarum Fennica, |c 1990 | ||
| 300 | |a 203 s. | ||
| 440 | 0 | |a Commentationes Scientiarum Socialium |v 42/1990. | |
| 653 | 0 | |a práca |2 SVKKKPH | |
| 653 | 0 | |a vzťahy pracovné |2 SVKKKPH | |
| 653 | 0 | |a Fínsko |2 SVKKKPH | |
| 655 | 7 | |a príručky |2 SVKKKPH | |
| 910 | |a svkkk | ||
| 919 | |a 951-653-203-9 | ||
| 974 | |a UH |d 20001113 | ||
| 974 | |a PA |d 20001113 | ||
| 974 | |a PA |d 20010430 | ||
| 998 | |a BK | ||
| 090 | |g SCKHL |k Sklad Pribinova prízemie |a IV.164870 |j 865820 |i 74875-10 |s Absenčne | ||